Manual de transparencia fiscal

Salvato in:
Dettagli Bibliografici
Natura: Libro
Lingua:spagnolo
Pubblicazione: [Washington, D.C.] Fondo monetario internacional 2008
Soggetti:
Tags: Aggiungi Tag
Nessun Tag, puoi essere il primo ad aggiungerne!!

MARC

LEADER 00000nam$a2200000$$$4500
001 0107403
005 20240313133147.7
020 |a 978-1-58906-745-5 
041 0 |a spa 
044 |a US 
245 1 0 |a Manual de transparencia fiscal 
264 1 |a [Washington, D.C.]  |b Fondo monetario internacional  |c 2008 
300 |a xiii, 157 s. 
610 2 0 |a politika fiškálna 
610 2 0 |a financie